[Event "CCL-E003"]
[Site "www.playchess.de"]
[Date "2000.11.06"]
[Round "21"]
[White "czubin"]
[Black "Poula"]
[WhiteElo "2000"]
[BlackElo "2000"]
[PlyCount "43"]
[Result "1-0"]

1.d4 f5 2.Qd3 g6 3.Nd2 c6 4.e4 fxe4 5.Qxe4 Nf6 
6.Qf3 Bg7 7.Ne4 O-O 8.Nxf6+ Rxf6 9.Qd3 e5 10.dxe5 
Qa5+ 11.Qc3 Qxc3+ 12.bxc3 Rf8 13.Ba3 Bxe5 14.Bxf8 
Bxc3+ 15.Kd1 Bxa1 16.Bd6 a5 17.Bxb8 Rxb8 18.Ne2 d6 
19.c3 Be6 20.a3 Bb2 21.Nf4 Bb3+ 
22.Kd2 1-0

[Event "HCL-C058"]
[Site "www.playchess.de"]
[Date "2000.11.08"]
[Round "19"]
[White "qwert660"]
[Black "Eye_of_the_Tiger"]
[WhiteElo "1351"]
[BlackElo "1000"]
[PlyCount "81"]
[Result "1-0"]

1.e4 e5 2.Nf3 Nc6 3.Bb5 g6 4.c3 Bg7 5.d4 exd4 
6.cxd4 Nf6 7.Nc3 O-O 8.e5 Ng4 9.h3 Nh6 10.Bg5 Ne7 
11.Nd5 Nxd5 12.Bxd8 Rxd8 13.O-O c6 14.Bc4 b5 
15.Bxd5 cxd5 16.Qb3 d6 17.Qxd5 Rb8 18.Rfd1 Bb7 
19.Qb3 dxe5 20.Nxe5 Rdf8 21.Nd7 Rbd8 22.Nxf8 Rxf8 
23.Qxb5 Bc8 24.d5 Nf5 25.d6 Bf6 26.d7 Nd4 27.Qd5 
Ba6 28.Rxd4 Bb7 29.Qxb7 Bxd4 30.Re1 Bf6 31.Re8 a5 
32.Rxf8+ Kxf8 33.Qc8+ Kg7 34.d8Q Bxd8 35.Qxd8 a4 
36.b4 f5 37.b5 Kh6 38.Qf6 Kh5 39.b6 g5 40.b7 g4 
41.b8Q 1-0

[Event "HCL-C061"]
[Site "www.playchess.de"]
[Date "2000.11.10"]
[Round "14"]
[White "Mohrni"]
[Black "Nunogomez"]
[WhiteElo "1000"]
[BlackElo "847"]
[PlyCount "38"]
[Result "0-1"]

1.e4 e5 2.Nc3 Bc5 3.Bc4 Nf6 4.d3 d6 5.Nf3 Bg4 
6.O-O O-O 7.Qe2 Nc6 8.Be3 Bxe3 9.Qxe3 Bxf3 10.Qxf3 
Nd4 11.Qd1 c6 12.a4 a6 13.Ne2 d5 14.Nxd4 exd4 
15.Bb3 dxe4 16.Re1 exd3 17.Qxd3 c5 18.a5 Qc7 19.c3 
Ng4 0-1

[Event "HCL-C061"]
[Site "www.playchess.de"]
[Date "2000.11.10"]
[Round "21"]
[White "Mohrni"]
[Black "Zzax"]
[WhiteElo "1000"]
[BlackElo "1129"]
[PlyCount "44"]
[Result "0-1"]

1.e4 d5 2.exd5 Nf6 3.c4 c6 4.Nc3 cxd5 5.cxd5 Nxd5 
6.Bc4 Nb6 7.Bb5+ Bd7 8.d4 Bxb5 9.Nxb5 a6 10.Nc3 
Nc6 11.Nf3 e6 12.Be3 Bb4 13.O-O O-O 14.Ng5 h6 
15.Nge4 Rc8 16.a3 Be7 17.h3 Qc7 18.Qf3 f5 19.Nc5 
Nxd4 20.Bxd4 Bxc5 21.Bxc5 Qxc5 22.Qxb7 
a5 0-1

[Event "HCL-C061"]
[Site "www.playchess.de"]
[Date "2000.11.14"]
[Round "11"]
[White "thot"]
[Black "Mohrni"]
[WhiteElo "1000"]
[BlackElo "1000"]
[PlyCount "39"]
[Result "1-0"]

1.e4 e5 2.Nf3 Nf6 3.Nc3 Bc5 4.h3 Nc6 5.Be2 d6 
6.Bc4 O-O 7.d3 Re8 8.O-O Be6 9.Bd2 Bxc4 10.dxc4 a6 
11.Be3 Bxe3 12.fxe3 Qd7 13.Qd2 b6 14.Rad1 Qe6 
15.Nd5 Nxe4 16.Qd3 Nc5 17.Nxc7 Nxd3 18.Nxe6 fxe6 
19.Rxd3 Rad8 20.Rfd1 1-0

[Event "HCL-B086"]
[Site "www.playchess.de"]
[Date "2000.11.15"]
[Round "4"]
[White "Mathemagician"]
[Black "bjwar"]
[WhiteElo "1405"]
[BlackElo "1200"]
[PlyCount "39"]
[Result "1-0"]

1.e4 e5 2.Nf3 d6 3.d4 Nc6 4.dxe5 dxe5 5.Qxd8+ Nxd8 
6.Nxe5 f6 7.Nf3 Be6 8.Bf4 Bd6 9.Bb5+ Nc6 10.e5 
fxe5 11.Bxe5 a6 12.Bxc6+ bxc6 13.Bxg7 Bb4+ 14.c3 
Be7 15.Bxh8 Bf6 16.Bxf6 Nxf6 17.Nd4 Bd5 18.O-O Kd7 
19.Re1 Rg8 20.f3 1-0

[Event "ACL-A044"]
[Site "www.playchess.de"]
[Date "2000.11.15"]
[Round "1"]
[White "chrisg"]
[Black "Ochiroo"]
[WhiteElo "1738"]
[BlackElo "1500"]
[PlyCount "61"]
[Result "1-0"]

1.e4 e6 2.d4 d5 3.Nd2 c5 4.exd5 exd5 5.Ngf3 Nf6 
6.Bb5+ Bd7 7.Bxd7+ Nbxd7 8.O-O Be7 9.dxc5 Nxc5 
10.Nd4 O-O 11.Nf5 Re8 12.Nb3 Nce4 13.Qd4 Rc8 
14.Qxa7 Rxc2 15.Qxb7 Bf8 16.Nbd4 Rc4 17.b3 Rc7 
18.Qa6 Nc5 19.Qa5 Qd7 20.Qb5 Qc8 21.Be3 Nfe4 
22.Bf4 Rb7 23.Qa5 Nd3 24.Be3 Rb4 25.Rfd1 Ndxf2 
26.Bxf2 Nxf2 27.Kxf2 Bc5 28.Kg1 g6 29.a3 Rxb3 
30.Rac1 Qxf5 31.Qxc5 1-0

[Event "HCL-C090"]
[Site "www.playchess.de"]
[Date "2000.11.19"]
[Round "6"]
[White "Gecko"]
[Black "de_Leon"]
[WhiteElo "1000"]
[BlackElo "1000"]
[PlyCount "50"]
[Result "0-1"]

1.d4 Nf6 2.d5 c6 3.c4 e5 4.Nc3 Bb4 5.Bg5 Bxc3+ 
6.bxc3 d6 7.Rb1 Qa5 8.Qb3 Ne4 9.Bd2 Nxd2 10.Kxd2 
Na6 11.e3 O-O 12.Bd3 Nc5 13.Qc2 Nxd3 14.Qxd3 Qxa2+ 
15.Ke1 f5 16.Ne2 e4 17.Nc1 Qa4 18.Qe2 b5 19.dxc6 
bxc4 20.Rb4 Qxc6 21.Rxc4 Qd7 22.Nb3 Ba6 23.Na5 d5 
24.Qd2 Qb5 25.Qa2 dxc4 0-1

[Event "HCL-C090"]
[Site "www.playchess.de"]
[Date "2000.11.19"]
[Round "13"]
[White "Gecko"]
[Black "mbshier"]
[WhiteElo "1000"]
[BlackElo "1000"]
[PlyCount "64"]
[Result "0-1"]

1.d4 d5 2.Nc3 Nf6 3.Bg5 e6 4.e3 Be7 5.Bxf6 Bxf6 
6.f4 b6 7.Bd3 c5 8.Bb5+ Bd7 9.Qf3 Bxb5 10.Nxb5 a6 
11.Nc3 cxd4 12.exd4 Bxd4 13.O-O-O Bxc3 14.bxc3 b5 
15.Nh3 Nd7 16.Rhe1 O-O 17.f5 Nc5 18.Nf4 Qf6 19.g4 
Ne4 20.Rd3 Rac8 21.Ree3 b4 22.Nh5 Qe7 23.cxb4 Qxb4 
24.a3 Qc4 25.Qg2 Qa2 26.Rdb3 Rcb8 27.Kd1 Rxb3 
28.Rxb3 Rc8 29.Rd3 Qb1+ 30.Ke2 Rxc2+ 31.Kf3 Rxg2 
32.Kxg2 Qxd3 0-1

[Event "HCL-C097"]
[Site "www.playchess.de"]
[Date "2000.11.20"]
[Round "3"]
[White "Jelleyman"]
[Black "Elz"]
[WhiteElo "1000"]
[BlackElo "1255"]
[PlyCount "28"]
[Result "0-1"]

1.b3 e5 2.Ba3 Bxa3 3.Nxa3 Nf6 4.c4 O-O 5.e3 Nc6 
6.g4 h6 7.h4 d5 8.cxd5 Qxd5 9.Bc4 Qxh1 10.Ke2 
Bxg4+ 11.Kf1 Bxd1 12.Rxd1 Qxh4 13.d4 Ne4 14.Nb5 
Qxf2+ 0-1

[Event "HCL-C106"]
[Site "www.playchess.de"]
[Date "2000.11.20"]
[Round "21"]
[White "Trickster"]
[Black "Danne"]
[WhiteElo "1000"]
[BlackElo "1175"]
[PlyCount "51"]
[Result "1-0"]

1.e4 e5 2.d3 h6 3.Nf3 d6 4.Nc3 Bg4 5.Be3 Nf6 6.Nd5 
Nxd5 7.exd5 f5 8.Be2 Qf6 9.O-O Nd7 10.Ne1 Bxe2 
11.Qxe2 f4 12.Bd2 O-O-O 13.Rd1 g5 14.b4 h5 15.c4 
g4 16.c5 dxc5 17.bxc5 Nxc5 18.Bb4 Rxd5 19.Bxc5 
Bxc5 20.Rb1 Rf8 21.Qe4 Qc6 22.Nc2 Rd6 23.Rfd1 Qxe4 
24.dxe4 g3 25.Rd5 Bxf2+ 26.Kh1 1-0

[Event "HCL-C111"]
[Site "www.playchess.de"]
[Date "2000.11.20"]
[Round "18"]
[White "Nutz"]
[Black "Danne"]
[WhiteElo "1000"]
[BlackElo "1152"]
[PlyCount "51"]
[Result "1-0"]

1.e4 e5 2.Bd3 Nf6 3.Nc3 Bb4 4.Nd5 Nxd5 5.exd5 O-O 
6.c3 Bd6 7.Qf3 c6 8.Qh3 h6 9.Nf3 Re8 10.Nh4 cxd5 
11.Nf5 e4 12.Be2 Be5 13.d4 Bf6 14.Bf4 g5 15.Bg3 
Bg7 16.Nd6 Re6 17.Qh5 Qf6 18.Nxc8 Nc6 19.Nd6 Rxd6 
20.O-O Re6 21.f3 Qg6 22.Qg4 a5 23.c4 Bxd4+ 24.Bf2 
Bxb2 25.cxd5 Bxa1 26.dxe6 1-0

[Event "HCL-C112"]
[Site "www.playchess.de"]
[Date "2000.11.20"]
[Round "20"]
[White "Danne"]
[Black "Pietros"]
[WhiteElo "1158"]
[BlackElo "1377"]
[PlyCount "28"]
[Result "0-1"]

1.e4 e5 2.Nf3 d6 3.Nc3 Bg4 4.h3 Bxf3 5.Qxf3 Nd7 
6.d3 Ngf6 7.Bg5 Be7 8.O-O-O c6 9.g3 Qa5 10.Bg2 Nb6 
11.a3 c5 12.Bd2 Na4 13.Nd5 Qd8 14.Nxf6+ 
Bxf6 0-1

[Event "ACL-A036"]
[Site "www.playchess.de"]
[Date "2000.11.20"]
[Round "6"]
[White "Bauernopfer"]
[Black "soymilk"]
[WhiteElo "1500"]
[BlackElo "1500"]
[PlyCount "45"]
[Result "1-0"]

1.e4 e6 2.d4 d5 3.exd5 exd5 4.Nf3 Bd6 5.Nc3 c6 
6.Bd3 Ne7 7.O-O O-O 8.Ng5 Bf5 9.Bxf5 Nxf5 10.Qh5 
h6 11.Nf3 Qf6 12.Ne2 Re8 13.Re1 Nd7 14.c3 Re7 
15.Bd2 Rae8 16.Ng3 Nxg3 17.hxg3 b6 18.Qh4 Qg6 
19.Bf4 Bxf4 20.Rxe7 Rxe7 21.Qxe7 Nf6 22.gxf4 Qc2 
23.Rf1 1-0

[Event "HCL-B078"]
[Site "www.playchess.de"]
[Date "2000.11.21"]
[Round "16"]
[White "Morpheus"]
[Black "mrchess"]
[WhiteElo "1500"]
[BlackElo "1587"]
[PlyCount "94"]
[Result "0-1"]

1.e4 d6 2.d4 Nf6 3.Nc3 Nbd7 4.f4 e5 5.dxe5 dxe5 
6.fxe5 Nxe5 7.Qxd8+ Kxd8 8.Bg5 Be7 9.Rd1+ Bd7 
10.Nd5 Nxd5 11.Rxd5 Bxg5 12.Rxe5 Bf6 13.Rd5 Bxb2 
14.Nf3 c6 15.Rd3 f6 16.Rb3 Bc1 17.Rxb7 Re8 18.Bd3 
Be3 19.Ke2 Bb6 20.Ba6 Rxe4+ 21.Kd1 Ra4 22.Ke2 Rxa6 
23.Rd1 Bc7 24.Nd4 Bg4+ 25.Nf3+ Kc8 26.Rb4 Bxf3+ 
27.Kxf3 c5 28.Re4 Be5 29.Rd5 Rc6 30.Rc4 Kc7 
31.Rdxc5 Rxc5 32.Rxc5+ Kd6 33.Rc4 g5 34.g3 h5 
35.h4 g4+ 36.Kg2 a5 37.Ra4 f5 38.Kf2 Kc5 39.Ra3 a4 
40.Kg2 Rd8 41.Rxa4 Rd2+ 42.Kf1 Rxc2 43.Ra5+ Kd4 
44.Ra6 Bxg3 45.Rh6 Rxa2 46.Rxh5 Ke4 47.Rh6 
Kf3 0-1

[Event "HCL-C106"]
[Site "www.playchess.de"]
[Date "2000.11.22"]
[Round "16"]
[White "Danne"]
[Black "Smutje"]
[WhiteElo "1175"]
[BlackElo "1000"]
[PlyCount "52"]
[Result "0-1"]

1.e4 Nc6 2.d4 Nb4 3.c3 Nc6 4.d5 Ne5 5.Bf4 d6 6.Nf3 
f6 7.Bxe5 fxe5 8.h3 c5 9.Bb5+ Bd7 10.Qe2 Qb6 
11.Bxd7+ Kxd7 12.O-O h5 13.Na3 Rh6 14.Nc4 Qd8 
15.Ng5 b5 16.Ne3 Rg6 17.Qxh5 Rh6 18.Qg4+ Ke8 
19.Nf5 Rf6 20.f4 exf4 21.Rxf4 e5 22.Rf3 g6 23.Ne3 
c4 24.Ne6 Qe7 25.Raf1 a5 26.R3xf6 
Nxf6 0-1

[Event "HCL-C058"]
[Site "www.playchess.de"]
[Date "2000.11.23"]
[Round "18"]
[White "Eye_of_the_Tiger"]
[Black "dazzle"]
[WhiteElo "1000"]
[BlackElo "1082"]
[PlyCount "65"]
[Result "1-0"]

1.e4 e5 2.Qh5 Qe7 3.Nf3 Nc6 4.g3 a6 5.Bg2 Nb4 
6.Na3 Nf6 7.Qxe5 Qxe5 8.Nxe5 g6 9.O-O Bg7 10.d4 d6 
11.Nd3 Nxd3 12.cxd3 Nd7 13.Bh3 Bxd4 14.Bg2 Ne5 
15.Rd1 Ng4 16.Rf1 O-O 17.h3 Nf6 18.Nc2 Bb6 19.Bg5 
Nd7 20.Rae1 Re8 21.a4 Nc5 22.d4 Nxa4 23.e5 Nxb2 
24.exd6 Bf5 25.Ne3 Bd3 26.d7 Re4 27.d8Q+ Rxd8 
28.Bxd8 Bxf1 29.Bxe4 Bxh3 30.Bxb7 Ba5 31.Rc1 Bb6 
32.Bf6 a5 33.Nd5 1-0

[Event "HCL-B074"]
[Site "www.playchess.de"]
[Date "2000.11.24"]
[Round "4"]
[White "paule"]
[Black "CHARON"]
[WhiteElo "1762"]
[BlackElo "1436"]
[PlyCount "53"]
[Result "1-0"]

1.e4 e5 2.Nf3 Nc6 3.Bb5 a6 4.Ba4 Nf6 5.O-O Nxe4 
6.d4 b5 7.Bb3 d5 8.dxe5 Be6 9.Nbd2 Nc5 10.c3 Bg4 
11.Bc2 Be7 12.Re1 O-O 13.h3 Bh5 14.b4 Ne6 15.Nb3 
Qd7 16.a4 Bg6 17.Bxg6 fxg6 18.Re2 bxa4 19.Rxa4 
Nxb4 20.cxb4 Qxa4 21.Qxd5 Qxb4 22.Nbd4 Kh8 23.Nxe6 
Rfc8 24.Qc6 Qb5 25.Nfd4 Qb4 26.Bb2 a5 
27.Qd7 1-0

[Event "CCL-E006"]
[Site "www.playchess.de"]
[Date "2000.11.24"]
[Round "16"]
[White "Toby"]
[Black "lazer"]
[WhiteElo "2000"]
[BlackElo "2401"]
[PlyCount "52"]
[Result "0-1"]

1.d4 d5 2.c4 e6 3.Nc3 c6 4.Nf3 Nf6 5.e3 Nbd7 6.Qc2 
Bd6 7.Be2 O-O 8.O-O dxc4 9.Bxc4 a6 10.Rd1 Qe7 
11.a4 c5 12.dxc5 Bxc5 13.b3 b6 14.Ne4 Nxe4 15.Qxe4 
Rb8 16.Bb2 Bb7 17.Qd3 Rbd8 18.Qe2 a5 19.Bd3 Bb4 
20.Bc2 e5 21.Nd2 e4 22.Nc4 Qe6 23.Qh5 Be7 24.Rac1 
f5 25.Qg5 Bxg5 26.Rd6 Qf7 0-1

[Event "HCL-C031"]
[Site "www.playchess.de"]
[Date "2000.11.25"]
[Round "12"]
[White "Speedy"]
[Black "Geecee"]
[WhiteElo "1000"]
[BlackElo "1000"]
[PlyCount "72"]
[Result "1-0"]

1.e4 e5 2.Qh5 Nf6 3.Qxe5+ Qe7 4.Qxe7+ Bxe7 5.f3 d5 
6.e5 Nfd7 7.d4 Nc6 8.c3 O-O 9.Nh3 Nb6 10.b3 Bf5 
11.g4 Bh4+ 12.Kd1 Bg6 13.Nf4 Bxb1 14.Rxb1 Rae8 
15.Bb5 a6 16.Bxc6 bxc6 17.Ng2 Be7 18.h4 c5 19.Be3 
c4 20.h5 a5 21.Nf4 a4 22.Kc2 Bg5 23.Nxd5 Bh4 
24.Nxb6 cxb6 25.Rxh4 cxb3+ 26.axb3 axb3+ 27.Rxb3 
Reb8 28.c4 Rfc8 29.Kd3 h6 30.d5 g5 31.hxg6 e.p 
32.fxg6 Rxh6 33.Kg7 e6 34.Rb7 g5 35.Rcb8 Bf4 
36.Rf8 Be5+ 1-0

[Event "HCL-B061"]
[Site "www.playchess.de"]
[Date "2000.11.26"]
[Round "1"]
[White "BVLGARI"]
[Black "LAUGHINGJOHN"]
[WhiteElo "1200"]
[BlackElo "1500"]
[PlyCount "38"]
[Result "0-1"]

1.e4 c5 2.Nc3 e6 3.Bc4 d6 4.Nf3 Nd7 5.d4 cxd4 
6.Nxd4 a6 7.Bxe6 Ne5 8.Bb3 Nf6 9.Bg5 Bd7 10.Nd5 
Qa5+ 11.Nc3 Nxe4 12.Bd2 Nc5 13.Bd5 Be7 14.O-O Qc7 
15.Ne4 O-O 16.Ng3 Kh8 17.Qe2 Rae8 18.Ndf5 Bf6 
19.b4 Bb5 0-1

[Event "HCL-C088"]
[Site "www.playchess.de"]
[Date "2000.11.26"]
[Round "6"]
[White "hhh"]
[Black "Smiler"]
[WhiteElo "1000"]
[BlackElo "1153"]
[PlyCount "66"]
[Result "0-1"]

1.e4 d5 2.Bb5+ Bd7 3.Qe2 e5 4.exd5 Bd6 5.Nf3 c6 
6.Bc4 Nf6 7.Nxe5 O-O 8.dxc6 Nxc6 9.f4 Nd4 10.Qd3 
Bc5 11.Nc3 g6 12.Bb5 Bf5 13.Qe3 a6 14.Bc4 Nxc2+ 
15.Kd1 Nxe3+ 16.Ke2 Bg4+ 17.Kf2 Nc2+ 18.Kg3 Nxa1 
19.h3 b5 20.Bd5 b4 21.Na4 Rc8 22.Nc6 Bd7 23.Nxd8 
Rfxd8 24.Nxc5 Rxc5 25.Bb7 a5 26.Re1 Bc6 27.Re7 
Rxc1 28.d4 Rc2 29.h4 Bxb7 30.b3 Rxg2+ 31.Kh3 Bc8+ 
32.Kxg2 Nd5 33.Kg3 Nxe7 0-1

[Event "HCL-A028"]
[Site "www.playchess.de"]
[Date "2000.11.27"]
[Round "21"]
[White "GoodKnight"]
[Black "cabe"]
[WhiteElo "1700"]
[BlackElo "1598"]
[PlyCount "73"]
[Result "1-0"]

1.e4 e5 2.Nf3 Nc6 3.Bc4 Nf6 4.Ng5 d5 5.exd5 b5 
6.dxc6 bxc4 7.Nc3 Qd6 8.Qf3 Bg4 9.Qg3 Qxc6 
10.Qxe5+ Be7 11.O-O Kf8 12.b3 Bd6 13.Qd4 Bf5 
14.bxc4 Bxc2 15.Nb5 h6 16.Nf3 Bc5 17.Qc3 Be4 
18.Ne5 Qb6 19.Bb2 a6 20.Nd7+ Nxd7 21.Qxg7+ Ke7 
22.Rae1 Qc6 23.Nd4 Bxd4 24.Qxd4 Nf6 25.f3 Rhd8 
26.Qe5+ Qe6 27.Qxc7+ Rd7 28.Qc5+ Rd6 29.Be5 Kd7 
30.fxe4 Ne8 31.Bxd6 Nxd6 32.e5 Nb7 33.Qd4+ Ke7 
34.Rf6 Qc8 35.Ref1 Nd8 36.Qd6+ Ke8 
37.Rxh6 1-0

[Event "HCL-A035"]
[Site "www.playchess.de"]
[Date "2000.11.27"]
[Round "11"]
[White "bondegnasker"]
[Black "schlueter"]
[WhiteElo "1609"]
[BlackElo "1700"]
[PlyCount "121"]
[Result "1/2-1/2"]

1.d4 Nf6 2.c4 e5 3.dxe5 Ng4 4.Bf4 Bb4+ 5.Nd2 Nc6 
6.Ngf3 Qe7 7.e3 Ngxe5 8.Nxe5 Nxe5 9.Be2 d6 10.O-O 
O-O 11.Nb3 b6 12.a3 Bc5 13.Nxc5 dxc5 14.Qc2 Bb7 
15.Rad1 Rad8 16.Rxd8 Rxd8 17.Rd1 Rd6 18.Bg3 f6 
19.Kf1 Rxd1+ 20.Qxd1 Qe8 21.Qd2 a5 22.Qc3 Bc6 
23.h3 Qg6 24.Qc1 Nf7 25.Qd1 Nd6 26.Bh5 Qe4 27.Bxd6 
cxd6 28.Qxd6 Qxg2+ 29.Ke1 g6 30.Be2 Qg1+ 31.Kd2 
Bg2 32.Qe6+ Kg7 33.Qe7+ Kg8 34.Qxf6 Bxh3 35.e4 a4 
36.e5 h6 37.Qd8+ Kg7 38.Qe7+ Kg8 39.Qe8+ Kg7 
40.Qe7+ Kg8 41.Qf6 Qg5+ 42.Qxg5 hxg5 43.Bf3 Bd7 
44.Bd5+ Kg7 45.Ke3 Bf5 46.Kd2 Bd7 47.e6 Be8 48.Kd3 
Kf6 49.Ke4 b5 50.Kd3 Ke7 51.Kc3 Kd6 52.b3 g4 53.b4 
g5 54.bxc5+ Kxc5 55.Bb7 bxc4 56.Ba6 Kd6 57.Bxc4 
Bc6 58.Kd4 Be8 59.Ke4 Bg6+ 60.Ke3 Be8 
61.Ke4 1/2-1/2

[Event "HCL-B058"]
[Site "www.playchess.de"]
[Date "2000.11.27"]
[Round "10"]
[White "Larryalan"]
[Black "Pelikan"]
[WhiteElo "1200"]
[BlackElo "1221"]
[PlyCount "60"]
[Result "0-1"]

1.e4 c5 2.Bc4 Nc6 3.Nf3 d6 4.Ng5 e6 5.d3 Be7 6.f4 
a6 7.f5 Bxg5 8.O-O Bf6 9.c3 Na5 10.fxe6 fxe6 
11.Qf3 Nxc4 12.dxc4 Ne7 13.Be3 O-O 14.Qg3 Ng6 
15.Nd2 Bd7 16.Qxd6 b6 17.b4 Be7 18.Qg3 cxb4 
19.Rxf8+ Bxf8 20.Rf1 bxc3 21.Nf3 Qc8 22.Ne5 Bd6 
23.Qf3 Nxe5 24.Qg3 Nxc4 25.Bf4 Qc5+ 26.Kh1 Rf8 
27.h3 Rxf4 28.Rxf4 c2 29.Qh4 c1Q+ 30.Kh2 
Bxf4+ 0-1

[Event "HCL-B073"]
[Site "www.playchess.de"]
[Date "2000.11.27"]
[Round "15"]
[White "paule"]
[Black "Hubble"]
[WhiteElo "1747"]
[BlackElo "1700"]
[PlyCount "59"]
[Result "1-0"]

1.e4 e5 2.Nf3 Nc6 3.Bb5 a6 4.Ba4 Nf6 5.O-O b5 
6.Bb3 d6 7.Re1 Be7 8.c3 O-O 9.d4 Bg4 10.d5 Na5 
11.Bc2 Ne8 12.b4 Nc4 13.a4 f5 14.exf5 Bxf5 15.Bxf5 
Rxf5 16.Qd3 Rf8 17.Na3 Nxa3 18.Rxa3 Nf6 19.Ng5 Qd7 
20.Bd2 c6 21.Rea1 cxd5 22.axb5 e4 23.Qg3 Ng4 
24.R3xa6 Rxa6 25.bxa6 Qa7 26.Nh3 Ne5 27.Be3 Qa8 
28.Nf4 Rf6 29.a7 Rf7 30.Nxd5 1-0

[Event "HCL-B087"]
[Site "www.playchess.de"]
[Date "2000.11.27"]
[Round "19"]
[White "Romulus73"]
[Black "CHARON"]
[WhiteElo "1500"]
[BlackElo "1468"]
[PlyCount "47"]
[Result "1-0"]

1.d4 d5 2.c4 e6 3.Nc3 Nf6 4.Bg5 Nbd7 5.e3 c6 6.Nf3 
Qa5 7.Qb3 Ne4 8.cxd5 exd5 9.Bf4 Bb4 10.Rc1 Ndf6 
11.a3 Bxc3+ 12.bxc3 O-O 13.Qb4 Qd8 14.Bd3 a5 
15.Qb3 b5 16.Ne5 Ra6 17.Rb1 Rb6 18.Qc2 Nd6 19.O-O 
Nfe4 20.f3 Nf6 21.a4 Nc4 22.Bxc4 dxc4 23.Bg5 Qd6 
24.Nxc4 1-0

[Event "HCL-B087"]
[Site "www.playchess.de"]
[Date "2000.11.27"]
[Round "30"]
[White "rocking"]
[Black "ddddale"]
[WhiteElo "1500"]
[BlackElo "1500"]
[PlyCount "23"]
[Result "1-0"]

1.e4 d5 2.exd5 Nf6 3.d4 Bg4 4.Be2 Bxe2 5.Nxe2 Qxd5 
6.O-O Nc6 7.Nbc3 Qf5 8.Ng3 Qd7 9.d5 Nb4 10.a3 
Nbxd5 11.Nxd5 O-O-O 12.Ne3 1-0

[Event "HCL-B098"]
[Site "www.playchess.de"]
[Date "2000.11.27"]
[Round "7"]
[White "Riza"]
[Black "shepherd"]
[WhiteElo "1321"]
[BlackElo "1581"]
[PlyCount "43"]
[Result "1-0"]

1.d4 Nf6 2.c4 g6 3.Nc3 Bg7 4.e4 O-O 5.Nge2 d6 
6.Ng3 Nbd7 7.Bd3 Ne8 8.Be3 c5 9.d5 e6 10.O-O Bh8 
11.Bh6 Ng7 12.f4 f5 13.dxe6 Nb6 14.exf5 gxf5 
15.Bxg7 Bxg7 16.Nxf5 Bxe6 17.Nxg7 Kxg7 18.Qh5 Bg8 
19.Rf3 Qf6 20.Rg3+ Kh8 21.Rxg8+ Kxg8 
22.Qxh7+ 1-0

[Event "HCL-B102"]
[Site "www.playchess.de"]
[Date "2000.11.27"]
[Round "6"]
[White "kherubim"]
[Black "Scorpio"]
[WhiteElo "1617"]
[BlackElo "1300"]
[PlyCount "27"]
[Result "1-0"]

1.Nf3 Nf6 2.c4 d5 3.cxd5 Nxd5 4.d4 Nc6 5.e4 Nf6 
6.Nc3 e6 7.Bd3 Bb4 8.O-O O-O 9.e5 Nd5 10.Bxh7+ Kh8 
11.Ng5 Nf6 12.exf6 Qxf6 13.Qh5 Qh6 
14.Nxf7+ 1-0

[Event "HCL-C030"]
[Site "www.playchess.de"]
[Date "2000.11.27"]
[Round "27"]
[White "wharris"]
[Black "Doktor"]
[WhiteElo "1000"]
[BlackElo "1000"]
[PlyCount "77"]
[Result "0-1"]

1.e4 e5 2.f4 d5 3.exd5 Qxd5 4.Nc3 Qe6 5.fxe5 Qxe5+ 
6.Qe2 Qxe2+ 7.Bxe2 Be6 8.Nf3 Nc6 9.O-O O-O-O 
10.Bb5 Bc5+ 11.Kh1 Nge7 12.d3 a6 13.Ba4 h6 14.Bf4 
Bd5 15.Nxd5 Rxd5 16.Bb3 Rf5 17.Bg3 Na5 18.c3 Nxb3 
19.axb3 Rd8 20.d4 Bd6 21.Bxd6 Rxd6 22.Ne5 Rdf6 
23.Kg1 R5xf1+ 24.Rxf1 Rxf1+ 25.Kxf1 f6 26.Ng4 Kd7 
27.Kf2 Ke6 28.Ne3 Nf5 29.Nxf5 Kxf5 30.Kf3 h5 31.h3 
h4 32.c4 a5 33.Ke3 g5 34.Kf3 b6 35.g4+ hxg3 36.e.p 
Kxg3 37.Ke4 d5 38.f5 Kf2 39.Kd3 0-1

[Event "HCL-C057"]
[Site "www.playchess.de"]
[Date "2000.11.27"]
[Round "19"]
[White "CEAuke"]
[Black "JeanPierre"]
[WhiteElo "924"]
[BlackElo "1601"]
[PlyCount "64"]
[Result "0-1"]

1.d4 Nf6 2.Nc3 d5 3.Nh3 Bxh3 4.gxh3 Nc6 5.Bg2 e5 
6.dxe5 Nxe5 7.Nxd5 Nxd5 8.Bxd5 c6 9.Bb3 Qh4 10.Be3 
Rd8 11.Qc1 Qxh3 12.Bf4 Qg2 13.Rf1 Qe4 14.Qe3 Qxe3 
15.fxe3 Ng4 16.Bg3 Nxe3 17.Rf2 Rd7 18.a4 Bc5 
19.Rf3 O-O 20.Bf4 Ng2+ 21.Kf1 Nxf4 22.Rxf4 Bd4 
23.c3 Bf6 24.h4 Rd2 25.Rd1 Rxb2 26.Bc4 a6 27.Rd6 
Be5 28.Rxf7 Bxd6 29.Rf6+ Kh8 30.Rxf8+ Bxf8 31.e4 
b5 32.axb5 cxb5 0-1

[Event "HCL-C057"]
[Site "www.playchess.de"]
[Date "2000.11.27"]
[Round "32"]
[White "CEAuke"]
[Black "dazzle"]
[WhiteElo "924"]
[BlackElo "1082"]
[PlyCount "49"]
[Result "1-0"]

1.d4 d5 2.Nc3 Nf6 3.Nh3 e6 4.Qd3 Nc6 5.a3 h6 6.Qg3 
Bd6 7.Qxg7 Ke7 8.Nf4 Qg8 9.Qxg8 Rxg8 10.g3 Bd7 
11.Be3 e5 12.dxe5 Bxe5 13.Nfxd5+ Kd8 14.Bxh6 Nxd5 
15.Nxd5 Bxb2 16.Rb1 Rg6 17.Bf4 Ne7 18.Nxe7 Kxe7 
19.Rxb2 Bc6 20.f3 Rd8 21.h4 Kd7 22.Rb4 Kc8 23.h5 
Re6 24.Bh3 Bxf3 25.Bxe6+ 1-0

[Event "HCL-C107"]
[Site "www.playchess.de"]
[Date "2000.11.27"]
[Round "1"]
[White "sonnygarcia"]
[Black "uneek"]
[WhiteElo "1078"]
[BlackElo "1052"]
[PlyCount "64"]
[Result "1/2-1/2"]

1.e4 c5 2.Nf3 e6 3.d4 cxd4 4.Nxd4 a6 5.c4 Nc6 
6.Nc3 Qc7 7.Be2 Nf6 8.O-O Be7 9.Be3 O-O 10.Qd2 d6 
11.f4 e5 12.Nxc6 bxc6 13.fxe5 dxe5 14.Rad1 Rd8 
15.Qc2 Bb7 16.Bg5 c5 17.Rxd8+ Rxd8 18.Rd1 Rxd1+ 
19.Bxd1 Qd6 20.Bxf6 Bxf6 21.Nd5 Bxd5 22.exd5 g6 
23.Qa4 Kg7 24.Qc6 Qxc6 25.dxc6 Bd8 26.Kf2 f5 
27.Kf3 Kf7 28.g4 Ke6 29.h3 Kd6 30.Ba4 Kc7 31.Ke3 
Kd6 32.a3 f4+ 1/2-1/2

[Event "HCL-C111"]
[Site "www.playchess.de"]
[Date "2000.11.27"]
[Round "20"]
[White "Nutz"]
[Black "Tarahumara"]
[WhiteElo "1000"]
[BlackElo "1094"]
[PlyCount "67"]
[Result "1-0"]

1.e4 e5 2.Bc4 Qh4 3.Qf3 Nf6 4.Qg3 Qxe4+ 5.Be2 Qxc2 
6.Qc3 Qf5 7.Qxc7 Na6 8.Qc4 Bc5 9.f3 e4 10.d4 Bb4+ 
11.Bd2 b5 12.Qb3 Bxd2+ 13.Nxd2 O-O 14.g4 Qf4 
15.Nh3 Qh6 16.fxe4 Qxh3 17.Qxh3 Nb4 18.Qb3 Nc6 
19.Qe3 Rb8 20.O-O d5 21.Qf4 dxe4 22.Nxe4 Be6 
23.Nxf6+ gxf6 24.Qd6 Na5 25.Qa6 Nc4 26.Qxa7 Nxb2 
27.Rxf6 Rbe8 28.Bxb5 Rea8 29.Qc5 Kg7 30.Qe7 Bd5 
31.Raf1 Rac8 32.Qe5 Bb7 33.R6xf7+ Kg8 
34.Qg7+ 1-0

[Event "HCL-C126"]
[Site "www.playchess.de"]
[Date "2000.11.27"]
[Round "4"]
[White "dg"]
[Black "dnemir"]
[WhiteElo "800"]
[BlackElo "1000"]
[PlyCount "39"]
[Result "1-0"]

1.e4 g6 2.Nf3 Bg7 3.d4 Nc6 4.Bd3 Nxd4 5.Nxd4 Bxd4 
6.c3 Bf6 7.O-O b6 8.h3 Bb7 9.Nd2 Bg7 10.Qf3 Nf6 
11.b4 Rf8 12.Bb2 Bh6 13.Nb3 d6 14.Rfe1 d5 15.Rad1 
c6 16.exd5 Nxd5 17.c4 Nxb4 18.a3 Nxd3 19.Rxd3 Qc7 
20.Bf6 1-0

[Event "ACL-A038"]
[Site "www.playchess.de"]
[Date "2000.11.27"]
[Round "11"]
[White "MicronHead"]
[Black "chrisg"]
[WhiteElo "1455"]
[BlackElo "1500"]
[PlyCount "82"]
[Result "0-1"]

1.e4 Nc6 2.Bc4 Nf6 3.Nc3 e6 4.d3 Bb4 5.Nge2 d5 
6.exd5 exd5 7.Bb5 d4 8.a3 Ba5 9.b4 Bxb4 10.Bxc6+ 
bxc6 11.axb4 dxc3 12.Nxc3 Qd4 13.Bd2 O-O 14.Ne2 
Qd6 15.O-O Nd5 16.Re1 Nxb4 17.Bf4 Qc5 18.c3 Nd5 
19.d4 Qe7 20.c4 Nb6 21.c5 Nd5 22.Bg3 Bf5 23.Nf4 
Qd7 24.Qd2 Nf6 25.Ra6 Ne4 26.Qe3 Rfe8 27.Qc1 Qxd4 
28.Rd1 Qb4 29.Nd3 Qb5 30.Ra3 Nxg3 31.hxg3 Rad8 
32.Qc2 Rd5 33.Qb3 Bxd3 34.Qxb5 Bxb5 35.Rxd5 cxd5 
36.Rxa7 d4 37.Rxc7 d3 38.c6 d2 39.Rd7 Re1+ 40.Kh2 
d1Q 41.Rd8+ Qxd8 0-1

[Event "ACL-A041"]
[Site "www.playchess.de"]
[Date "2000.11.27"]
[Round "3"]
[White "sazex"]
[Black "Gearloose"]
[WhiteElo "1781"]
[BlackElo "1885"]
[PlyCount "73"]
[Result "1/2-1/2"]

1.e4 d6 2.d4 Nf6 3.Nc3 Nbd7 4.Nf3 e5 5.Qe2 c6 
6.dxe5 dxe5 7.Bd2 Be7 8.O-O-O Qc7 9.g4 h6 10.Rg1 
b5 11.g5 hxg5 12.Rxg5 g6 13.h4 a5 14.Qe3 Nh5 
15.Rg1 Nf4 16.Nxe5 Nxe5 17.Qxf4 Rxh4 18.Qe3 Be6 
19.f4 Ng4 20.Qg3 O-O-O 21.Be2 b4 22.Na4 Rdh8 
23.Kb1 R4h3 24.Qe1 Nf6 25.Ba6+ Kb8 26.f5 gxf5 
27.exf5 Bd5 28.Be3 Nd7 29.Bf4 Bd6 30.Bxd6 Qxd6 
31.c4 bxc3 32.e.p Nxc3 33.Qc5 Nxd5 34.cxd5 Rg2 
35.Re3 Qd2 36.Nf6 Bd3 37.Rc8 1/2-1/2

[Event "ACL-A056"]
[Site "www.playchess.de"]
[Date "2000.11.27"]
[Round "6"]
[White "dakini"]
[Black "Extasis"]
[WhiteElo "1318"]
[BlackElo "1500"]
[PlyCount "21"]
[Result "1-0"]

1.e4 e6 2.d4 c6 3.Nf3 Qa5+ 4.Qd2 Qc7 5.Nc3 h6 
6.Bd3 Bb4 7.O-O h5 8.Nb5 Qa5 9.Nd6+ Kf8 10.Qf4 Qd8 
11.Qxf7+ 1-0

[Event "HCL-A026"]
[Site "www.playchess.de"]
[Date "2000.11.28"]
[Round "6"]
[White "Redbaron"]
[Black "EKALAYA"]
[WhiteElo "1448"]
[BlackElo "1921"]
[PlyCount "69"]
[Result "1-0"]

1.e4 c5 2.Nf3 Nc6 3.c3 d5 4.e5 d4 5.Bb5 g6 6.Qa4 
Bd7 7.cxd4 Nxd4 8.Nxd4 cxd4 9.Bxd7+ Qxd7 10.Qxd7+ 
Kxd7 11.d3 Bg7 12.Bf4 Nh6 13.Nd2 Rhd8 14.Rc1 Rac8 
15.O-O e6 16.Ne4 Rxc1 17.Rxc1 Rc8 18.Bxh6 Bxh6 
19.Rxc8 Kxc8 20.Nd6+ Kc7 21.Nxf7 Bc1 22.b3 b5 
23.h4 h6 24.g3 Kc6 25.f4 Kc5 26.Kf2 Kb4 27.Nd8 g5 
28.Nxe6 gxh4 29.f5 hxg3+ 30.Kxg3 Kc3 31.Nf4 Ba3 
32.Kf3 h5 33.f6 h4 34.e6 h3 35.e7 1-0